Ľudový kalendár ...

Bibliographic Details
New Title:Národný kalendár ...
Previous Title:Národný kalendár na obyčajný rok ...
Format: Serial
Language:Slovak
PhysicalDescription:56 zv. 23 cm
Published: Novi Sad Obzor 1945-1990
ISSN:0456-8303
0354-1029
Subjects:

MARC

LEADER 00000cas a2200000 a 4500
001 vtls001221784
003 SK-MaSNL
005 20260228163506.0
008 160329d19451990rb ar 0 0b0slo c
015 |a SNBZSA2001-00152 
035 |a SNK000167052 
040 |a SNK  |b slo  |c SNK  |e AACR2 
041 0 |a slo 
043 |a e-rb--- 
044 |a rb  |c RS 
072 7 |a 323  |x Vnútropolitický vývoj, politický život  |2 konspekt 
072 7 |a 050  |x Seriálové publikácie. Periodiká  |2 konspekt 
080 |a 323.15  |2 2011 
080 |a (=162.4)  |2 2011 
080 |a 050  |2 2011 
080 |a (059)  |2 2011 
080 |a (497.11)  |2 2011 
245 0 0 |a Ľudový kalendár ... 
246 1 3 |a Ľudový kalendár na obyčajný rok ... 
246 1 3 |a Ľudový kalendár na priestupný rok ... 
246 3 3 |a Ľudový kalendár (Novi Sad) 
260 |a Novi Sad  |b Obzor  |c 1945-1990 
300 |a 56 zv.  |c 23 cm 
310 |a 1x ročne 
362 0 |a 1945-1949; 1952-1990  |z SKP 
500 |a Vydávanie prerušené v rokoch 1950-1951 
500 |a Súčasťou názvu je označenie roku 
500 |a Ľudový kalendár je pokračovateľom Národného kalendára, ktorý vychádzal v r. 1920-1944 a od r.1991 pokračuje znovu pod pôvodným názvom. R. 1944 a 1946 vyšiel kalendár v dvoch vydaniach 
500 |a BA438/2001 uvádza Petrovec ako miesto vydania, a ako vydavateľov: Matica slovenská v Juhoslávii; Tlačovo vydavateľský podnik Hlas ľudu 
650 0 7 |a Slováci v zahraničí  |2 SNKPH  |9 14695 
650 0 7 |a Slovaks in foreign  |2 SNKPHeng  |9 265147 
651 7 |a Vojvodina (Srbsko)  |2 SNKPH  |9 27375 
651 7 |a Vojvodina (Serbia)  |2 SNKPHeng  |9 265200 
655 7 |a textové kalendáre  |2 SNKPH  |9 60816 
655 7 |a Text calendars  |2 SNKPHeng  |9 265087 
780 0 0 |t Národný kalendár na obyčajný rok ...  |x 0456-8303  |w vtls001347789 
785 0 0 |t Národný kalendár ...  |x 0354-1029  |w vtls001299192 
910 |a snk 
958 |a ZS 
958 |a TL 
958 |a ZB 
958 |a YU 
999 |c 9595  |d 11525 
952 |0 0  |1 0  |4 0  |7 0  |8 2  |a SNK  |b SNK  |d 2010-03-15  |i snkV 844/68  |l 0  |o snkČSC 727/1968  |p 17A0648250  |r 2026-02-21 19:31:48  |w 2026-02-21  |y PREZ 
952 |0 0  |1 0  |4 0  |7 0  |8 2  |a SNK  |b SNK  |d 2010-03-15  |i snkV 2581/79  |l 0  |o snkČSC 727/1970  |p 17A0648251  |r 2026-02-21 19:31:48  |w 2026-02-21  |y PREZ 
952 |0 0  |1 0  |4 0  |7 0  |8 3  |a SNK  |b SNK  |d 2010-03-15  |i snkK 1934/72  |l 0  |o snkČSC 727/1971  |p 17A0648119  |r 2026-02-21 19:31:48  |w 2026-02-21  |y PREZ 
952 |0 0  |1 0  |4 0  |7 0  |8 2  |a SNK  |b SNK  |d 2010-03-15  |i snkV 1255/77  |l 0  |o snkČSC 727/1977  |p 17A0648217  |r 2026-02-21 19:31:48  |w 2026-02-21  |y PREZ 
952 |0 0  |1 0  |4 0  |7 0  |8 1  |a SNK  |b SNK  |d 2010-03-15  |i snkD 668/63  |l 0  |o snkČSC 727/1963  |p 17A0648140  |r 2026-02-21 19:31:48  |w 2026-02-21  |y PREZ 
952 |0 0  |1 0  |4 0  |7 0  |8 2  |a SNK  |b SNK  |d 2010-03-15  |i snkČSV 1/1957  |l 0  |o snkČSC 727/1957  |p 17A0648218  |r 2026-02-21 19:31:48  |w 2026-02-21  |y PREZ 
952 |0 0  |1 0  |4 0  |7 0  |8 2  |a SNK  |b SNK  |d 2010-03-15  |i snkČSV 2/1957  |l 0  |o snkČSC 727/1956  |p 17A0648245  |r 2026-02-21 19:31:48  |w 2026-02-21  |y PREZ 
952 |0 0  |1 0  |4 0  |7 0  |8 2  |a SNK  |b SNK  |d 2010-03-15  |i snkV 1611/61  |l 0  |o snkČSC 727/1960  |p 17A0648120  |r 2026-02-21 19:31:48  |w 2026-02-21  |y PREZ 
952 |0 0  |1 0  |4 0  |7 0  |8 3  |a SNK  |b SNK  |d 2010-03-15  |i snkK 2423/64  |l 0  |o snkČSC 727/1959  |p 17A0648246  |r 2026-02-21 19:31:48  |w 2026-02-21  |y PREZ 
952 |0 0  |1 0  |4 0  |7 0  |8 2  |a SNK  |b SNK  |d 2010-03-15  |i snkV 1612/61  |l 0  |o snkČSC 727/1961  |p 17A0648139  |r 2026-02-21 19:31:48  |w 2026-02-21  |y PREZ 
952 |0 0  |1 0  |4 0  |7 0  |8 3  |a SNK  |b SNK  |d 2010-03-15  |i snkK 1933/72  |l 0  |o snkČSC 727/1964  |p 17A0648121  |r 2026-02-21 19:31:48  |w 2026-02-21  |y PREZ 
952 |0 0  |1 0  |4 0  |7 0  |8 3  |a SNK  |b SNK  |d 2010-03-15  |i snkK 1931/72  |l 0  |o snkČSC 727/1962  |p 17A0648090  |r 2026-02-21 19:31:48  |w 2026-02-21  |y PREZ 
952 |0 0  |1 0  |4 0  |7 0  |8 2  |a SNK  |b SNK  |d 2010-03-15  |i snkV 321/67  |l 0  |o snkČSC 727/1967  |p 17A0648589  |r 2026-02-21 19:31:48  |w 2026-02-21  |y PREZ 
952 |0 0  |1 0  |4 0  |7 0  |8 2  |a SNK  |b SNK  |d 2010-03-15  |i snkV 651/66  |l 0  |o snkČSC 727/1966  |p 17A0648091  |r 2026-02-21 19:31:49  |w 2026-02-21  |y PREZ 
952 |0 0  |1 0  |4 0  |7 0  |8 2  |a SNK  |b SNK  |d 2010-03-15  |i snkČSV 5/1957  |l 0  |o snkČSC 727/1949  |p 17A0648092  |r 2026-02-21 19:31:49  |w 2026-02-21  |y PREZ 
952 |0 0  |1 0  |4 0  |7 0  |8 2  |a SNK  |b SNK  |d 2010-03-15  |i snkČSV 7/1957  |l 0  |o snkČSC 727/1948  |p 17A0648093  |r 2026-02-21 19:31:49  |w 2026-02-21  |y PREZ 
952 |0 0  |1 0  |4 0  |7 0  |8 2  |a SNK  |b SNK  |d 2010-03-15  |i snkV 1002/74  |l 0  |o snkČSC 727/1953  |p 17A0648094  |r 2026-02-21 19:31:49  |w 2026-02-21  |y PREZ 
952 |0 0  |1 0  |4 0  |7 0  |8 2  |a SNK  |b SNK  |d 2010-03-15  |i snkV 7457/79  |l 0  |o snkČSC 727/1952  |p 17A0648137  |r 2026-02-21 19:31:49  |w 2026-02-21  |y PREZ 
952 |0 0  |1 0  |4 0  |7 0  |8 2  |a SNK  |b SNK  |d 2010-03-15  |i snkV 1458/79  |l 0  |o snkČSC 727/1965  |p 17A0648089  |r 2026-02-21 20:14:57  |w 2026-02-21  |y PREZ 
952 |0 0  |1 0  |4 0  |7 0  |8 1  |a SNK  |b SNK  |d 1997-07-09  |i snkD 845/97  |l 0  |o snkČSC 727/1973  |p 17A0104646  |r 2005-01-02 00:00:00  |w 2026-02-21  |y PREZ 
952 |0 0  |1 0  |4 0  |7 0  |8 1  |a SNK  |b SNK  |d 1997-07-09  |i snkD 846/97  |l 0  |o snkČSC 727/1973 D1  |p 17A0069091  |r 2005-01-02 00:00:00  |w 2026-02-21  |y PREZ 
952 |0 0  |1 0  |4 0  |7 0  |8 1  |a SNK  |b SNK  |d 1997-07-09  |i snkD 843/97  |l 0  |o snkČSC 727/1972  |p 17A0104608  |r 2005-01-02 00:00:00  |w 2026-02-21  |y PREZ 
952 |0 0  |1 0  |4 0  |7 0  |a SNK  |b SNK  |d 1997-07-09  |i snkD 844/97  |l 0  |o snkČSC 727/1972 D1  |p 17A0069092  |r 2005-01-02 00:00:00  |w 2026-02-21  |y PREZ 
952 |0 0  |1 0  |4 0  |7 0  |8 1  |a SNK  |b SNK  |d 1997-07-09  |i snkD 871/97  |l 0  |o snkČSC 727/1980  |p 17A0069088  |r 2005-01-02 00:00:00  |w 2026-02-21  |y PREZ 
952 |0 0  |1 0  |4 0  |7 0  |a SNK  |b SNK  |d 2001-05-09  |i snkD 552/2001  |l 0  |o snkČSC 727/1980 D1  |p 17A0298583  |r 2005-01-02 00:00:00  |w 2026-02-21  |y PREZ 
952 |0 0  |1 0  |4 0  |7 0  |a SNK  |b SNK  |d 1997-07-09  |l 0  |o snkČSC 727/1970  |r 2005-01-02 00:00:00  |w 2026-02-21  |y PREZ 
952 |0 0  |1 0  |4 0  |7 0  |8 1  |a SNK  |b SNK  |d 1997-07-09  |i snkD 848/97  |l 0  |o snkČSC 727/1970 D1  |p 17A0069084  |r 2005-01-02 00:00:00  |w 2026-02-21  |y PREZ 
952 |0 0  |1 0  |4 0  |7 0  |a SNK  |b SNK  |d 1997-07-09  |l 0  |o snkČSC 727/1965  |r 2005-01-02 00:00:00  |w 2026-02-21  |y PREZ 
952 |0 0  |1 0  |4 0  |7 0  |8 1  |a SNK  |b SNK  |d 1997-07-09  |i snkD 849/97  |l 0  |o snkČSC 727/1965 D1  |p 17A0069083  |r 2005-01-02 00:00:00  |w 2026-02-21  |y PREZ 
952 |0 0  |1 0  |4 0  |7 0  |8 2  |a SNK  |b SNK  |d 2016-11-30  |i snkV 1620/64  |l 0  |o snkČSC 727/1963 D1  |p 17A1186782  |r 2026-02-21 20:27:10  |w 2026-02-21  |y PREZ 
952 |0 0  |1 0  |4 0  |7 0  |8 2  |a SNK  |b SNK  |d 2016-11-30  |i snkV 652/66  |l 0  |o snkČSC 727/1966 D1  |p 17A1186783  |r 2026-02-21 20:27:10  |w 2026-02-21  |y PREZ 
952 |0 0  |1 0  |4 0  |7 0  |a SNK  |b SNK  |d 2001-05-07  |l 0  |o snkČSC 727/1954  |p 17A0157706  |r 2005-01-01 00:00:00  |w 2026-02-21  |y PREZ 
952 |0 0  |1 0  |4 0  |7 0  |a SNK  |b SNK  |d 2001-05-07  |l 0  |o snkČSC 727/1955  |p 17A0157717  |r 2005-01-01 00:00:00  |w 2026-02-21  |y PREZ 
952 |0 0  |1 0  |4 0  |7 0  |a SNK  |b SNK  |d 2001-05-07  |l 0  |o snkČSC 727/1969  |p 17A0255998  |r 2005-01-01 00:00:00  |w 2026-02-21  |y PREZ 
952 |0 0  |1 0  |4 0  |7 0  |a SNK  |b SNK  |d 2001-05-07  |l 0  |o snkČSC 727/1978  |p 17A0120397  |r 2005-01-01 00:00:00  |w 2026-02-21  |y PREZ 
952 |0 0  |1 0  |4 0  |7 0  |8 1  |a SNK  |b SNK  |d 2001-05-16  |i snkD 658/2001  |l 0  |o snkČSC 727/1945 D1  |p 17A0300332  |r 2005-01-01 00:00:00  |w 2026-02-21  |y PREZ 
952 |0 0  |1 0  |4 0  |7 0  |a SNK  |b SNK  |d 2002-01-25  |i snkČSV 4/57  |l 0  |o snkČSC 727/1947  |p 17A0330314  |r 2005-01-01 00:00:00  |w 2026-02-21  |y PREZ 
952 |0 0  |1 0  |4 0  |7 0  |a SNK  |b SNK  |d 2002-09-16  |l 0  |o snkČSC 727/1958  |p 17A0355861  |r 2005-01-01 00:00:00  |w 2026-02-21  |y PREZ 
952 |0 0  |1 0  |4 0  |7 0  |8 3  |a SNK  |b SNK  |d 2014-06-26  |i snkK 1929/72  |l 0  |o snkČSC 727/1960 D1  |p 17A0823350  |r 2026-02-21 21:24:56  |w 2026-02-21  |y PREZ 
952 |0 0  |1 0  |4 0  |7 0  |8 3  |a SNK  |b SNK  |d 2014-06-26  |i snkK 1930/72  |l 0  |o snkČSC 727/1961 D1  |p 17A0823348  |r 2026-02-21 21:24:56  |w 2026-02-21  |y PREZ 
952 |0 0  |1 0  |4 0  |7 0  |a SNK  |b SNK  |d 2014-06-26  |l 0  |o snkČSC 727/1948 D1  |p 17A1075486  |r 2026-02-21 21:24:56  |w 2026-02-21  |y PREZ 
952 |0 0  |1 0  |4 0  |7 0  |8 3  |a SNK  |b SNK  |d 2014-06-26  |i snK 1925/72  |l 0  |o snkČSC 727/1947 D1  |p 17A1075471  |r 2026-02-21 21:24:56  |w 2026-02-21  |y PREZ 
952 |0 0  |1 0  |4 0  |7 0  |8 3  |a SNK  |b SNK  |d 2014-06-26  |i snkK 1426/72  |l 0  |o snkČSC 727/1948 D1  |p 17A0823344  |r 2026-02-21 21:24:56  |w 2026-02-21  |y PREZ 
952 |0 0  |1 0  |4 0  |7 0  |8 5  |a SNK  |b SNK  |d 2014-06-26  |i snkF 3028/79  |l 0  |o snkČSC 727/1949 D1  |p 17A0823335  |r 2026-02-21 21:24:56  |w 2026-02-21  |y PREZ 
952 |0 0  |1 0  |4 0  |7 0  |8 2  |a SNK  |b SNK  |d 2014-06-26  |i snkV 1459/79  |l 0  |o snkČSC 727/1953 D1  |p 17A0823333  |r 2026-02-21 21:24:56  |w 2026-02-21  |y PREZ 
952 |0 0  |1 0  |4 0  |7 0  |8 3  |a SNK  |b SNK  |d 2014-06-26  |i snkK 1922/72  |l 0  |o snkČSC 727/1957 D1  |p 17A0823331  |r 2026-02-21 21:24:56  |w 2026-02-21  |y PREZ 
952 |0 0  |1 0  |4 0  |7 0  |8 3  |a SNK  |b SNK  |d 2014-06-26  |i snkK 1928/72  |l 0  |o snkČSC 727/1958 D1  |p 17A1075472  |r 2026-02-21 21:24:56  |w 2026-02-21  |y PREZ 
952 |0 0  |1 0  |4 0  |7 0  |8 2  |a SNK  |b SNK  |d 2016-12-01  |i snkV 3882/72  |l 0  |o snkČSC 727/1971 D1  |p 17A1186794  |r 2026-02-21 22:24:25  |w 2026-02-21  |y PREZ 
952 |0 0  |1 0  |4 0  |7 0  |8 2  |a SNK  |b SNK  |d 2016-12-01  |i snkV 1256/77  |l 0  |o snkČSC 727/1977 D1  |p 17A1186795  |r 2026-02-21 22:24:25  |w 2026-02-21  |y PREZ 
952 |0 0  |1 0  |4 0  |7 0  |8 2  |a SNK  |b SNK  |d 2016-11-30  |i snkV 846/68  |l 0  |o snkČSC 727/1967 D1  |p 17A1186784  |r 2026-02-21 22:24:33  |w 2026-02-21  |y PREZ 
952 |0 0  |1 0  |4 0  |7 0  |8 2  |a SNK  |b SNK  |d 2016-11-30  |i snkV 845/68  |l 0  |o snkČSC 727/1968 D1  |p 17A1186785  |r 2026-02-21 22:24:33  |w 2026-02-21  |y PREZ 
952 |0 0  |1 0  |4 0  |7 0  |8 2  |a SNK  |b SNK  |d 2016-11-30  |i snkV 1446/69  |l 0  |o snkČSC 727/1969 D1  |p 17A1186786  |r 2026-02-21 22:24:33  |w 2026-02-21  |y PREZ